Colours with 4 letters - Statistics

General Stats
  • This quiz has been taken 282 times
  • The average score is 10 of 28
Answer Stats
Hex Answer % Correct
#0000ff Blue
97%
#ffc0cb Pink
90%
#808080 Grey
82%
#008080 Teal
73%
#00ff00 Lime
66%
#00ffff Cyan
64%
#000080 Navy
54%
#ff007f Rose
52%
#ffd700 Gold
46%
#13eac9 Aqua
40%
#aefac6 Mint
37%
#c2b280 Ecru
28%
#e0115f Ruby
23%
#00a86b Jade
22%
#b7410e Rust
22%
#adc18e Sage
22%
#f4e4a0 Sand
22%
#7b2055 Plum
21%
#cc8899 Puce
20%
#751130 Wine
19%
#156149 Pine
16%
#e5aa70 Fawn
15%
#71bc78 Fern
14%
#713f15 Dirt
8%
#607811 Moss
8%
#030106 Onyx
8%
#eedc82 Flax
5%
#603934 Coco
2%
No matching quizzes found
Score Distribution
Percent of People with Each Score
Percentile by Number Answered
Your Score History
You have not taken this quiz